| 000 | 00886cab a2200253 4500 | ||
|---|---|---|---|
| 001 | ABS56853 | ||
| 008 | 090401t1997 xxu||||| |||| 00| 0 eng d | ||
| 035 | _a(Sirsi) u78100 | ||
| 041 | _aeng | ||
| 100 | _aSimmons, E. | ||
| 245 | _aImproving standards of landfill restoration | ||
| 260 | _c1997 | ||
| 350 | _a0 | ||
| 490 |
_aLand Contamination & Reclamation _v5(1) 1997, 63-67(5) |
||
| 520 | _aConsiders how to improve the techniques and practice of landfill restoration. Propsoses the use of interim restoration to overcome problems such as landfill gas generation and advises that restoration should be an integral part of the whole landfill process. | ||
| 650 | _aLANDFILL GAS | ||
| 650 | _aLANDFILL RESTORATION | ||
| 650 | _aLANDFILL SITES | ||
| 650 | _aPERFORMANCE STANDARDS | ||
| 650 | _aWASTE MANAGEMENT | ||
| 690 | _aLAND | ||
| 942 | _n0 | ||
| 948 | _c01/05/1997 | ||
| 999 |
_c49141 _d49141 |
||